000
00419nam a2200169Ia 4500
008
100917s9999 xx 000 0 und d
082
_b
5192
100
_a
जोशी ए. वि.
245
_a
रानभूल
260
_b
---
_c
1950
365
_b
0
520
_a
कादंबरी
630
_a
रानभूल
650
_a
कादंबरी
730
_a
रानभूल
942
_c
BOOK
999
_c
610586
_d
610583